Pays sans les lettres de "SUISSE" - Statistiques

Statistiques générales
  • Ce quiz a été pris 17 fois
    8 depuis la dernière actualisation
  • Le résultat moyen est 11 sur 15
Statistiques - réponses
Continents Pays % Correct
Asie Japon
100%
Afrique Maroc
100%
Afrique Angola
80%
Amérique du Nord Canada
80%
Afrique Gabon
80%
Afrique Ghana
80%
Europe Monaco
80%
Asie Oman
80%
Asie Qatar
80%
Afrique Rwanda
80%
Afrique Tchad
80%
Afrique Togo
80%
Asie Myanmar
40%
Océanie Tonga
40%
Amérique du Nord Panama
20%
Aucun quiz correspondant
Distribution des résultats
% des personnes avec chaque résultat
Percentile par nombre de réponses
Votre historique - résultats
Vous n’avez pas pris ce quiz depuis la dernière actualisation